[Event "Hebraica op 26th"]
[Site "Hebraica"]
[Date "2019.01.13"]
[Round "6"]
[White "De Souza, Fernando Luiz Jr"]
[Black "Roverso, Leandro"]
[Result "0-1"]
[WhiteElo "1495"]
[BlackElo "1931"]
[PlyCount "40"]
[EventDate "2019.01.11"]
[EventType "swiss"]
[EventRounds "6"]
[EventCountry "BRA"]
[SourceTitle "EXT 2020"]
[Source "ChessBase"]
[SourceDate "2019.10.17"]
[SourceVersion "1"]
[SourceVersionDate "2019.10.17"]
[SourceQuality "1"]

1. c4 Nf6 2. Nc3 g6 3. g3 Bg7 4. Bg2 0-0 5. e3 c6 6. Nge2 d5 7. d3 Bg4 8. Qc2 Na6 9. a3 e5 10. 0-0 Qd7 11. b4 Nc7 12. Re1 Rfe8 13. Bb2 Rad8 14. f3 Bh3 15. Bh1 dxc4 16. dxc4 Qd2 17. Nd4 Rxd4 18. Qxd2 Rxd2 19. Bc1 Rd7 20. e4 Be6 0-1

[Event "Hebraica op 26th"]
[Site "Hebraica"]
[Date "2019.01.11"]
[Round "1"]
[White "Lima, Aine Carolina"]
[Black "Roverso, Leandro"]
[Result "0-1"]
[WhiteElo "1502"]
[BlackElo "1931"]
[PlyCount "64"]
[EventDate "2019.01.11"]
[EventType "swiss"]
[EventRounds "6"]
[EventCountry "BRA"]
[SourceTitle "EXT 2020"]
[Source "ChessBase"]
[SourceDate "2019.10.17"]
[SourceVersion "1"]
[SourceVersionDate "2019.10.17"]
[SourceQuality "1"]

1. e4 c5 2. Nc3 Nc6 3. d3 h5 4. g3 h4 5. g4 e6 6. Bg2 Nge7 7. Be3 b6 8. f4 d5 9. Bf2 Bb7 10. h3 Qd7 11. Nce2 dxe4 12. Bxe4 0-0-0 13. Bf3 f5 14. Nc3 Ng6 15. Be3 Bd6 16. Qd2 Nd4 17. Bxd4 cxd4 18. Nce2 Kb8 19. Bxb7 Qxb7 20. Rh2 Rhf8 21. g5 e5 22. Rf2 e4 23. Nxd4 e3 24. Qxe3 Rfe8 25. Ne6 Qd5 26. Re2 Nf8 27. Nc7 Kxc7 28. Qxe8 Rxe8 29. Rxe8 Kd7 30. Re2 Bxf4 31. Kf2 Bg3+ 32. Kf1 Ng6 0-1

[Event "BRA-ch Amateur"]
[Site "Sao Paulo"]
[Date "2015.04.03"]
[Round "6"]
[White "Roverso, Leandro"]
[Black "Gomez, Gustavo Pizzocaro"]
[Result "0-1"]
[WhiteElo "1945"]
[BlackElo "2135"]
[PlyCount "100"]
[EventDate "2015.04.30"]
[EventType "swiss"]
[EventRounds "7"]
[EventCountry "BRA"]
[SourceTitle "EXT 2022"]
[Source "ChessBase"]
[SourceDate "2021.10.06"]
[SourceVersion "1"]
[SourceVersionDate "2021.10.06"]
[SourceQuality "1"]

1. d4 d5 2. c4 e6 3. Nc3 c6 4. Nf3 f5 5. cxd5 exd5 6. e3 Nf6 7. Bd3 Bd6 8. 0-0 Qe7 9. Re1 0-0 10. Nd2 Ne4 11. f4 Nxd2 12. Bxd2 Be6 13. Kh1 Nd7 14. Ne2 b6 15. Ng1 c5 16. b3 c4 17. Bc2 b5 18. bxc4 bxc4 19. Nf3 Rab8 20. Ne5 Nxe5 21. dxe5 Bb4 22. Bxb4 Rxb4 23. Qd4 Rfb8 24. h3 Rb2 25. Bb3 Qa3 26. Bd1 Rxa2 27. Bf3 Kh8 28. Rxa2 Qxa2 29. Ra1 Rb1+ 30. Rxb1 Qxb1+ 31. Kh2 Qb6 32. Qc3 a5 33. g4 g6 34. gxf5 gxf5 35. Bxd5 Bxd5 36. e6+ Kg8 37. e7 Kf7 38. e8B+ Kxe8 39. Qh8+ Kd7 40. Qxh7+ Kc6 41. Qxf5 Qxe3 42. Qc8+ Kb5 43. Qd7+ Bc6 44. Qf5+ Kb6 45. Qb1+ Ka6 46. Qf1 Qd2+ 47. Kg3 Qd3+ 48. Qxd3 cxd3 49. Kf2 Be4 50. Ke3 Bf5 0-1

[Event "Sao Paulo Hebraica op 19th"]
[Site "Sao Paulo"]
[Date "2015.01.10"]
[Round "4"]
[White "Bruce, Shannon Hill"]
[Black "Roverso, Leandro"]
[Result "1/2-1/2"]
[WhiteElo "2163"]
[BlackElo "1918"]
[PlyCount "127"]
[EventDate "2015.01.08"]
[EventType "swiss"]
[EventRounds "6"]
[EventCountry "BRA"]
[SourceTitle "CBM 164 Extra"]
[Source "ChessBase"]
[SourceDate "2015.03.02"]
[SourceVersion "1"]
[SourceVersionDate "2015.03.02"]
[SourceQuality "1"]

1. d4 Nf6 2. Bg5 d5 3. Bxf6 exf6 4. e3 Bd6 5. c4 c6 6. cxd5 Bb4+ 7. Nc3 Qxd5 8. Nge2 0-0 9. a3 Bxc3+ 10. Nxc3 Qg5 11. Qf3 f5 12. h4 Qf6 13. 0-0-0 Be6 14. h5 h6 15. Bd3 Nd7 16. g4 fxg4 17. Qe4 Rfe8 18. Qh7+ Kf8 19. Ne4 Qf5 20. Qh8+ Ke7 21. Qxg7 Rh8 22. d5 cxd5 23. Nc5 Qf6 24. Nxe6 Qxe6 25. Qd4 Rac8+ 26. Kb1 Nc5 27. Bc2 Ne4 28. Rhf1 Rhd8 29. Qxa7 Qa6 30. Qxa6 bxa6 31. Rd4 Rc4 32. Rxc4 Nd2+ 33. Kc1 Nxc4 34. Rd1 Kf6 35. Rd4 Kg5 36. Bd3 Nb6 37. Bxa6 Kxh5 38. e4 Kg5 39. exd5 h5 40. a4 h4 41. a5 Rxd5 42. Rxd5+ Nxd5 43. Bb7 Nc7 44. Kd2 Kf4 45. a6 Nb5 46. Ke1 g3 47. Kf1 Ke5 48. fxg3 hxg3 49. Kg2 Kd4 50. Bc6 Na7 51. Be8 f6 52. b4 Kc4 53. b5 Kc5 54. Kxg3 Kb6 55. Bd7 Kc7 56. Be8 Nc8 57. Kf4 Kb6 58. Bd7 Ne7 59. Ke4 Ka7 60. Be8 Kb6 61. Kd4 f5 62. Ke5 f4 63. Kxf4 Nd5+ 64. Ke5 1/2-1/2

[Event "Sao Paulo Hebraica op 17th"]
[Site "Sao Paulo"]
[Date "2014.01.11"]
[Round "4"]
[White "Roverso, Leandro"]
[Black "Theodoro, Milson"]
[Result "0-1"]
[WhiteElo "1947"]
[BlackElo "1731"]
[PlyCount "58"]
[EventDate "2014.01.09"]
[EventType "swiss"]
[EventRounds "6"]
[EventCountry "BRA"]
[SourceTitle "CBM 158 Extra"]
[Source "ChessBase"]
[SourceDate "2014.02.28"]
[SourceVersion "1"]
[SourceVersionDate "2014.02.28"]
[SourceQuality "1"]

1. d4 Nf6 2. Nf3 g6 3. g3 Bg7 4. Bg2 0-0 5. 0-0 d6 6. Re1 Nbd7 7. Bg5 c5 8. c3 h6 9. Bxf6 Bxf6 10. e4 e5 11. Na3 Qc7 12. dxc5 dxc5 13. Qd2 Bg7 14. Rad1 Nb6 15. Qd6 Qxd6 16. Rxd6 Na4 17. Re2 Be6 18. c4 Rfd8 19. Rdd2 a6 20. b3 Nc3 21. Rxd8+ Rxd8 22. Re1 Nxa2 23. Nc2 Rd3 24. Re3 Rd1+ 25. Nfe1 Nc1 26. Bf3 Rd2 27. Kg2 h5 28. Na1 Bh6 29. Rc3 Ra2 0-1

[Event "Sao Paulo Hebraica 16th"]
[Site "Sao Paulo"]
[Date "2013.01.10"]
[Round "9"]
[White "Roverso, Leandro"]
[Black "Branchini, Fernando Luis Sakam"]
[Result "1/2-1/2"]
[WhiteElo "1928"]
[BlackElo "1976"]
[PlyCount "39"]
[EventDate "2013.01.04"]
[EventType "tourn"]
[EventRounds "9"]
[EventCountry "BRA"]
[SourceTitle "EXT 2015"]
[Source "ChessBase"]
[SourceDate "2014.11.20"]
[SourceVersion "1"]
[SourceVersionDate "2014.11.20"]
[SourceQuality "1"]

1. d4 Nf6 2. c4 g6 3. Nc3 Bg7 4. Nf3 0-0 5. e4 d6 6. Be2 Nbd7 7. 0-0 c6 8. h3 e5 9. Be3 Qc7 10. d5 c5 11. a3 Ne8 12. Nd2 f5 13. f3 f4 14. Bf2 Ndf6 15. Re1 b6 16. b4 a5 17. b5 Bb7 18. a4 Nh5 19. Nf1 Nef6 20. Kh2 1/2-1/2

[Event "Sao Paulo Hebraica 16th"]
[Site "Sao Paulo"]
[Date "2013.01.05"]
[Round "2"]
[White "Roverso, Leandro"]
[Black "Fakhouri Filho, Jorge"]
[Result "1/2-1/2"]
[WhiteElo "1928"]
[BlackElo "1948"]
[PlyCount "67"]
[EventDate "2013.01.04"]
[EventType "tourn"]
[EventRounds "9"]
[EventCountry "BRA"]
[SourceTitle "EXT 2015"]
[Source "ChessBase"]
[SourceDate "2014.11.20"]
[SourceVersion "1"]
[SourceVersionDate "2014.11.20"]
[SourceQuality "1"]

1. e4 c5 2. Nf3 e6 3. c4 Nc6 4. d4 cxd4 5. Nxd4 a6 6. Nc3 Qc7 7. Be2 Nf6 8. Be3 Bb4 9. f3 Bxc3+ 10. bxc3 0-0 11. 0-0 Re8 12. Bg5 Qe5 13. Qd2 d5 14. f4 Qd6 15. Bxf6 gxf6 16. cxd5 exd5 17. Nxc6 bxc6 18. exd5 cxd5 19. Bf3 Bb7 20. Qd4 Rac8 21. Rad1 Qc5 22. c4 Qxc4 23. Qxf6 Re6 24. Qg5+ Rg6 25. Qe7 Qc5+ 26. Qxc5 Rxc5 27. Rd2 Rd6 28. Rfd1 Kg7 29. Kf2 Kf6 30. g4 h6 31. h4 Bc6 32. Kg3 Rc3 33. Rd3 Rxd3 34. Rxd3 1/2-1/2

[Event "BRA-ch U25"]
[Site "Sao Paulo"]
[Date "2012.02.18"]
[Round "2"]
[White "Rodrigues, Tiago Pereira"]
[Black "Roverso, Leandro"]
[Result "1-0"]
[WhiteElo "2119"]
[BlackElo "1913"]
[PlyCount "61"]
[EventDate "2012.02.18"]
[EventType "swiss"]
[EventRounds "7"]
[EventCountry "BRA"]
[SourceTitle "CBM 147 Extra"]
[Source "ChessBase"]
[SourceDate "2012.04.24"]
[SourceVersion "1"]
[SourceVersionDate "2012.04.24"]
[SourceQuality "1"]

1. e4 c5 2. Nc3 Nc6 3. f4 Rb8 4. Nf3 e6 5. g3 d5 6. d3 d4 7. Nb1 b5 8. Nbd2 Nf6 9. h3 Be7 10. Bg2 Bb7 11. 0-0 0-0 12. Rf2 c4 13. Nf1 Qc7 14. g4 Rfd8 15. Ng3 Ne8 16. g5 f6 17. h4 Nd6 18. Bh3 Bc8 19. gxf6 gxf6 20. Kh1 Kh8 21. Nh5 Nf7 22. Rg2 e5 23. Bxc8 Rbxc8 24. Rg7 Rf8 25. Qe2 Qd7 26. f5 Qe8 27. Bd2 Rg8 28. Rag1 Rxg7 29. Nxg7 Qd7 30. Ne6 Ncd8 31. Qg2 1-0

[Event "Sao Paulo Hebraica 12th"]
[Site "Sao Paulo"]
[Date "2012.01.09"]
[Round "1.1"]
[White "Jacob, Rodrigo Stocking"]
[Black "Roverso, Leandro"]
[Result "0-1"]
[WhiteElo "2064"]
[BlackElo "1913"]
[PlyCount "54"]
[EventDate "2012.01.09"]
[EventType "tourn"]
[EventRounds "9"]
[EventCountry "BRA"]
[SourceTitle "EXT 2022"]
[Source "ChessBase"]
[SourceDate "2021.10.06"]
[SourceVersion "1"]
[SourceVersionDate "2021.10.06"]
[SourceQuality "1"]

1. e4 e6 2. d4 d5 3. Nc3 Nf6 4. Bg5 Bb4 5. e5 h6 6. Be3 Nfd7 7. Qg4 Kf8 8. Nge2 c5 9. dxc5 Bxc3+ 10. Nxc3 Nc6 11. 0-0-0 Ncxe5 12. Qg3 a6 13. f4 Nc6 14. f5 Nf6 15. fxe6 Bxe6 16. Ne2 Ne4 17. Qf3 Qa5 18. Kb1 d4 19. a3 Bd5 20. Qf5 Qxc5 21. Qd7 Rd8 22. Bxd4 Rxd7 23. Bxc5+ Nxc5 24. Nc3 Be6 25. Re1 b5 26. Be2 g6 27. Rhf1 Kg7 0-1

[Event "Santos Paulista-ch"]
[Site "Santos"]
[Date "2011.12.02"]
[Round "2"]
[White "Marrero Lopez, Yaniet"]
[Black "Roverso, Leandro"]
[Result "1-0"]
[WhiteElo "2278"]
[BlackElo "1913"]
[PlyCount "111"]
[EventDate "2011.12.02"]
[EventType "swiss"]
[EventRounds "6"]
[EventCountry "BRA"]
[SourceTitle "CBM 146 Extra"]
[Source "ChessBase"]
[SourceDate "2012.02.29"]
[SourceVersion "1"]
[SourceVersionDate "2012.02.29"]
[SourceQuality "1"]

1. e4 c5 2. Nf3 a6 3. c3 Nf6 4. e5 Nd5 5. d4 cxd4 6. Qxd4 e6 7. Bd3 Nc6 8. Qe4 d6 9. 0-0 dxe5 10. Nxe5 Nxe5 11. Qxe5 Qd6 12. Qe2 Be7 13. Na3 Nf4 14. Bxf4 Qxf4 15. Nc4 0-0 16. Nb6 Rb8 17. Nd5 exd5 18. Qxe7 Be6 19. Rad1 Rfe8 20. Qc5 Rbc8 21. Qb6 Qc7 22. Qxc7 Rxc7 23. Rfe1 Rce7 24. Bc2 Bg4 25. Rxe7 Rxe7 26. f3 Be6 27. Bb3 Rd7 28. Kf2 Kf8 29. Ke3 Ke7 30. Kd4 Kd6 31. Re1 f6 32. Bc2 h6 33. f4 Bf7 34. f5 b6 35. Bd3 Ra7 36. g4 Rd7 37. h4 Rd8 38. Bf1 Rc8 39. b3 Rd8 40. a4 a5 41. Bg2 Rc8 42. Bf3 Rh8 43. Re2 Rc8 44. Re3 Rh8 45. Bg2 Rc8 46. Re1 Rh8 47. Bf1 Rc8 48. Bd3 Rh8 49. Rb1 Be8 50. b4 Bxa4 51. bxa5 bxa5 52. Ra1 Bc6 53. Rxa5 Re8 54. Ra7 Bd7 55. Rxd7+ Kxd7 56. Bb5+ 1-0

[Event "Sao Paulo Hebraica 08th"]
[Site "Sao Paulo"]
[Date "2011.01.11"]
[Round "5"]
[White "Roverso, Leandro"]
[Black "Aoyama, Edmundo"]
[Result "1-0"]
[WhiteElo "1874"]
[BlackElo "1955"]
[PlyCount "41"]
[EventDate "2011.01.08"]
[EventType "tourn"]
[EventRounds "9"]
[EventCountry "BRA"]
[SourceTitle "EXT 2014"]
[Source "ChessBase"]
[SourceDate "2013.11.20"]
[SourceVersion "1"]
[SourceVersionDate "2013.11.20"]
[SourceQuality "1"]

1. d4 d5 2. c4 e6 3. Nc3 Nf6 4. Bg5 Be7 5. Nf3 0-0 6. e3 Nbd7 7. cxd5 Nxd5 8. Bxe7 Qxe7 9. e4 Nxc3 10. bxc3 e5 11. Bd3 f5 12. Qe2 exd4 13. cxd4 Re8 14. e5 c5 15. Bc4+ Kh8 16. e6 cxd4 17. 0-0 Nb6 18. Rfe1 Qf6 19. Bb3 d3 20. Qe5 a5 21. Qb5 1-0

[Event "Sao Jose do Rio Preto Schmitt U2200 1st"]
[Site "Sao Jose do Rio Preto"]
[Date "2009.09.26"]
[Round "3.6"]
[White "Pace, Angelo Marcio de Si"]
[Black "Roverso, Leandro"]
[Result "1-0"]
[WhiteElo "2033"]
[BlackElo "1884"]
[PlyCount "69"]
[EventDate "2009.09.26"]
[EventType "swiss"]
[EventRounds "5"]
[EventCountry "BRA"]
[SourceTitle "EXT 2022"]
[Source "ChessBase"]
[SourceDate "2021.10.06"]
[SourceVersion "1"]
[SourceVersionDate "2021.10.06"]
[SourceQuality "1"]

1. e4 c5 2. Nf3 a6 3. b3 Nc6 4. Bb2 d6 5. a4 Bg4 6. Be2 e6 7. 0-0 Nf6 8. d3 Be7 9. Nbd2 0-0 10. h3 Bxf3 11. Nxf3 Qc7 12. Qd2 Rad8 13. Qe3 e5 14. c3 b5 15. d4 b4 16. d5 bxc3 17. Bxc3 Nd4 18. Bd1 Rb8 19. Nd2 h6 20. Rc1 Qd8 21. Qd3 Ra8 22. Bxd4 cxd4 23. Rc6 a5 24. Nc4 Rc8 25. Rxc8 Qxc8 26. Nxa5 Qc3 27. Qxc3 dxc3 28. Nc6 Bd8 29. Bc2 Bb6 30. a5 Bd4 31. b4 Nd7 32. Rb1 f5 33. exf5 Nf6 34. b5 Nxd5 35. Bb3 1-0